| 000 | 00727nai a2200193Ia 4500 | ||
|---|---|---|---|
| 003 | IN-BaIIA | ||
| 008 | 211028c9999 xx s 000 0 eng d | ||
| 022 | _a0097-2002 (Print) | ||
| 022 | _a2331-088X (Online) | ||
| 040 | _cIIA Library | ||
| 245 | 0 |
_aIRE Transactions on Microwave Theory and Techniques _h[eJournal] |
|
| 260 |
_aNew York, USA _bThe Institute of Electrical and Electronics Engineers, Inc. (IEEE) |
||
| 310 | _aBimonthly | ||
| 362 | _a3(2); 1955 - 10(6); 1962 | ||
| 521 | _bSubscribed through National Knowledge Resource Consortium (NKRC) | ||
| 650 | _aFields, Waves and Electromagnetics | ||
| 856 |
_uhttps://ieeexplore.ieee.org/servlet/opac?punumber=4547924 _yClick Here to Access eJournal |
||
| 942 | _cEJ | ||
| 999 |
_c34923 _d34923 |
||